UBT Library

Quality Banking : (Record no. 270)

000 -LEADER
fixed length control field 00462nam a22001577a 4500
008 - FIXED-LENGTH DATA ELEMENTS--GENERAL INFORMATION
fixed length control field 131111b xxu||||| |||| 00| 0 ger d
020 ## - INTERNATIONAL STANDARD BOOK NUMBER
International Standard Book Number 3854283164
041 0# - LANGUAGE CODE
Language code of text/sound track or separate title ger
080 ## - UNIVERSAL DECIMAL CLASSIFICATION NUMBER
Universal Decimal Classification number 336.71
245 00 - TITLE STATEMENT
Title Quality Banking :
Statement of responsibility, etc Wilhelm Bühler
260 ## -
-- Wien :
-- Service Fachverlag ;
-- 1995.
300 ## -
-- 170 f. :
-- me il. ;
-- 21 cm.
650 ## -
-- Bankat dhe veprimtaria bankare
650 ## -
-- Financa
942 ## - ADDED ENTRY ELEMENTS (KOHA)
Source of classification or shelving scheme
Item type Books
Holdings
Withdrawn status Lost status Source of classification or shelving scheme Damaged status Not for loan Collection code Permanent location Current location Shelving location Date acquired Total Checkouts Full call number Barcode Date last seen Koha item type
          Koleksioni i përgjithshem UBT - Prishtine UBT - Prishtine Koleksioni i përgjithshem 11/11/2013   336.71 BUH 001-000319 11/11/2013 Books
          Koleksioni i përgjithshem UBT - Prishtine UBT - Prishtine Koleksioni i përgjithshem 11/11/2013   336.71 BUH 001-000320 11/11/2013 Books
UBT Library © 2015-2024. All rights reserved University Education for Business and Technology